Konštrukcie nových lineárnych nedvojkových blokovývh kódov kontrolujúcich chyby

Guardado en:
Detalles Bibliográficos
Autor principal: Palanský, Ján (Autor)
Otros Autores: Farkaš, Peter, 1956- (Orientador)
Formato: Manuscrito Libro
Lenguaje:eslovaco
Publicado: Bratislava : STU v Bratislave FEI, 2007
Materias:
Etiquetas: Agregar Etiqueta
Sin Etiquetas, Sea el primero en etiquetar este registro!

MARC

LEADER 00000ntm a22000003a 4500
001 stu144819
005 20160719165033.8
008 070905s2007------------------------slo-d
040 |a STU  |b slo 
041 0 |a slo 
100 1 |a Palanský, Ján  |4 aut 
245 1 |a Konštrukcie nových lineárnych nedvojkových blokovývh kódov kontrolujúcich chyby 
260 |a Bratislava :  |b STU v Bratislave FEI,  |c 2007 
300 |a 57 s 
650 7 |a Telekomunikácie  |2 stusub 
650 7 |a kódovanie informácií  |2 stusub 
700 1 |a Farkaš, Peter,  |d 1956-  |4 ths  |u E070  |U FEI Fakulta elektrotechniky a informatiky  |T FEI Ústav telekomunikácií  |X 1933  |U E070  |Y 818  |7 A000001933